00806nam a2200193 i 4500001000700000003000900007005001700016008004100033100004200074245005800116260005900174300006300233505004600296530003500342650001600377740003700393852007500430856010700505166166ES-MaACL20230906213257.0931025s1778 sp a |||| | spa d0 aTeresa de Jesús,cSanta,d1515-158210aObras de la gloriosa madre Santa Teresa de Jesús... aEn Madrid : ben la Imprenta de Josef Doblado, c1778. a[12], 612, LXIII p., [5] h. de grab. ; c4º mayor (26 cm)8 aContiene: Las moradas o Castillo interior aDisponible en formato digital. aMisticismo.32aLas moradas o Castillo interior. aES-MaACLjR-197-198 z- Enc. pasta española x Olim: B-81-82 uhttp://hdl.handle.net/10347/1517 zRepositorio Institucional da Universidade de Santiago de Compostela